Jugadores del Elche más Valiosos - Estadísticas

Estadísticas generales
  • Esta prueba ha sido intentada 17 veces
  • La puntuación promedio es 11 de 24
Estadísticas de respuestas
Valor de Mercado Temporada Club Actual Jugador % Correcto
9M 2025-26 Elche David Affengruber
88%
15M 2021-22 Alavés Lucas Boyé
88%
8M 2025-26 Elche Iñaki Peña
75%
5M 2025-26 Elche Germán Valera
69%
15M 2025-26 Elche Rodrigo Mendoza
69%
6M 2025-26 Elche Álvaro Núñez
56%
12M 2025-26 Elche Héctor Fort
56%
5M 2021-22 Mallorca Johan Mojica
50%
8M 2022-23 Olympique de Marsella Pol Lirola
50%
5M 2020-21 Zaragoza Raúl Guti
50%
5M 2022-23 Cádiz Roger Martí
50%
7M 2025-26 Elche Adrià Pedrosa
44%
7M 2021-22 Houston Dynamo Ezequiel Ponce
44%
5M 2022-23 Sevilla José Ángel Carmona
44%
5M 2025-26 Elche Martim Neto
44%
5M 2013-14 Kifisias Alberto Botía
38%
6M 2014-15 Retirado Jonathas
38%
5M 2022-23 Al-Shamal Álex Collado
31%
5,2M 2020-21 Independiente Iván Marcone
31%
5,5M 2007-08 Retirado Víctor Sánchez
31%
6M 2013-14 Sin Equipo Richmond Boakye
25%
7M 2021-22 Sin Equipo Darío Benedetto
19%
5M 2025-26 Elche Federico Redondo
19%
6,5M 2020-21 Sin Equipo Youssouf Koné
6%
No se encontraron pruebas coincidentes
Distribución de puntuación
Porcentaje de gente con cada puntuación
Porcentaje por número respondido
Historial de tus puntuaciones
No has intentado esta prueba.